<?xml version="1.0" encoding="UTF-8"?>
<record
    xmlns:xsi="http://www.w3.org/2001/XMLSchema-instance"
    xsi:schemaLocation="http://www.loc.gov/MARC21/slim http://www.loc.gov/standards/marcxml/schema/MARC21slim.xsd"
    xmlns="http://www.loc.gov/MARC21/slim">

  <leader>02100nam0a2200421   4500</leader>
  <controlfield tag="001">RU\NLR\BIBL_A\022323936</controlfield>
  <controlfield tag="005">20260420014623.0</controlfield>
  <datafield tag="010" ind1=" " ind2=" ">
    <subfield code="a">978-5-9968-0924-0</subfield>
    <subfield code="9">10 000</subfield>
  </datafield>
  <datafield tag="021" ind1=" " ind2=" ">
    <subfield code="a">RU</subfield>
    <subfield code="b">&#x41A;&#x41D;-&#x41F;-24-046039</subfield>
    <subfield code="9">&#x41A;&#x41D;-&#x41F;-24-4581</subfield>
  </datafield>
  <datafield tag="035" ind1=" " ind2=" ">
    <subfield code="a">(NLR Aleph) 022323936</subfield>
  </datafield>
  <datafield tag="090" ind1=" " ind2=" ">
    <subfield code="a">13665156</subfield>
    <subfield code="c">13665156</subfield>
  </datafield>
  <datafield tag="100" ind1=" " ind2=" ">
    <subfield code="a">20240916d2024    u  y0rusy50      ca</subfield>
  </datafield>
  <datafield tag="101" ind1="0" ind2=" ">
    <subfield code="a">rus</subfield>
  </datafield>
  <datafield tag="102" ind1=" " ind2=" ">
    <subfield code="a">RU</subfield>
  </datafield>
  <datafield tag="105" ind1=" " ind2=" ">
    <subfield code="a">y   w   000zy</subfield>
  </datafield>
  <datafield tag="181" ind1=" " ind2="0">
    <subfield code="a">i </subfield>
    <subfield code="b">axxe  </subfield>
  </datafield>
  <datafield tag="182" ind1=" " ind2="0">
    <subfield code="a">n</subfield>
  </datafield>
  <datafield tag="200" ind1="1" ind2=" ">
    <subfield code="a">&#x422;&#x43E;&#x43B;&#x43A;&#x43E;&#x432;&#x430;&#x43D;&#x438;&#x435; &#x43D;&#x430; &#x43F;&#x441;&#x430;&#x43B;&#x43C;&#x44B;</subfield>
    <subfield code="f">&#x441;&#x432;&#x44F;&#x442;&#x438;&#x442;&#x435;&#x43B;&#x44C; &#x410;&#x444;&#x430;&#x43D;&#x430;&#x441;&#x438;&#x439; &#x412;&#x435;&#x43B;&#x438;&#x43A;&#x438;&#x439;</subfield>
  </datafield>
  <datafield tag="203" ind1=" " ind2=" ">
    <subfield code="a">&#x422;&#x435;&#x43A;&#x441;&#x442;</subfield>
    <subfield code="b">&#x432;&#x438;&#x437;&#x443;&#x430;&#x43B;&#x44C;&#x43D;&#x44B;&#x439;</subfield>
    <subfield code="c">&#x43D;&#x435;&#x43F;&#x43E;&#x441;&#x440;&#x435;&#x434;&#x441;&#x442;&#x432;&#x435;&#x43D;&#x43D;&#x44B;&#x439;</subfield>
  </datafield>
  <datafield tag="210" ind1=" " ind2=" ">
    <subfield code="a">&#x41C;&#x43E;&#x441;&#x43A;&#x432;&#x430;</subfield>
    <subfield code="c">&#x411;&#x43B;&#x430;&#x433;&#x43E;&#x432;&#x435;&#x441;&#x442;</subfield>
    <subfield code="d">2024</subfield>
  </datafield>
  <datafield tag="215" ind1=" " ind2=" ">
    <subfield code="a">527 &#x441;.</subfield>
    <subfield code="d">21</subfield>
  </datafield>
  <datafield tag="300" ind1=" " ind2=" ">
    <subfield code="a">&#x412; &#x43C;&#x430;&#x43A;&#x435;&#x442;&#x435; &#x437;&#x430;&#x433;&#x43B;.: &#x421;&#x432;&#x44F;&#x442;&#x438;&#x442;&#x435;&#x43B;&#x44C; &#x410;&#x444;&#x430;&#x43D;&#x430;&#x441;&#x438;&#x439; &#x412;&#x435;&#x43B;&#x438;&#x43A;&#x438;&#x439;. &#x422;&#x43E;&#x43B;&#x43A;&#x43E;&#x432;&#x430;&#x43D;&#x438;&#x435; &#x43D;&#x430; &#x43F;&#x441;&#x430;&#x43B;&#x43C;&#x44B;</subfield>
  </datafield>
  <datafield tag="300" ind1=" " ind2=" ">
    <subfield code="a">&#x41A;&#x43D;. &#x43F;&#x435;&#x447;&#x430;&#x435;&#x442;&#x441;&#x44F; &#x43F;&#x43E; &#x438;&#x437;&#x434;.: &#x422;&#x432;&#x43E;&#x440;&#x435;&#x43D;&#x438;&#x44F; &#x432; 4-&#x445; &#x442;&#x43E;&#x43C;&#x430;&#x445;. &#x422;. 4 / &#x441;&#x432;&#x442;. &#x410;&#x444;&#x430;&#x43D;&#x430;&#x441;&#x438;&#x439; &#x412;&#x435;&#x43B;&#x438;&#x43A;&#x438;&#x439;. &#x421;&#x432;&#x44F;&#x442;&#x43E;-&#x422;&#x440;&#x43E;&#x438;&#x446;&#x43A;&#x430;&#x44F; &#x421;&#x435;&#x440;&#x433;&#x438;&#x435;&#x432;&#x430; &#x41B;&#x430;&#x432;&#x440;&#x430;, 1902&#x2013;1903</subfield>
  </datafield>
  <datafield tag="320" ind1=" " ind2=" ">
    <subfield code="a">&#x411;&#x438;&#x431;&#x43B;&#x438;&#x43E;&#x433;&#x440;. &#x432; &#x43F;&#x43E;&#x434;&#x441;&#x442;&#x440;&#x43E;&#x447;. &#x43F;&#x440;&#x438;&#x43C;&#x435;&#x447;.</subfield>
  </datafield>
  <datafield tag="451" ind1=" " ind2="0">
    <subfield code="1">2001#$a&#x422;&#x432;&#x43E;&#x440;&#x435;&#x43D;&#x438;&#x44F;$e&#x432; 4-&#x445; &#x442;&#x43E;&#x43C;&#x430;&#x445;$f&#x441;&#x432;&#x442;. &#x410;&#x444;&#x430;&#x43D;&#x430;&#x441;&#x438;&#x439; &#x412;&#x435;&#x43B;&#x438;&#x43A;&#x438;&#x439;</subfield>
    <subfield code="1">210##$a&#x421;&#x432;&#x44F;&#x442;&#x43E;-&#x422;&#x440;&#x43E;&#x438;&#x446;&#x43A;&#x430;&#x44F; &#x421;&#x435;&#x440;&#x433;&#x438;&#x435;&#x432;&#x430; &#x41B;&#x430;&#x432;&#x440;&#x430;$d1902&#x2013;1903</subfield>
    <subfield code="t">&#x422;&#x432;&#x43E;&#x440;&#x435;&#x43D;&#x438;&#x44F;</subfield>
  </datafield>
  <datafield tag="500" ind1="1" ind2="0">
    <subfield code="a">&#x411;&#x438;&#x431;&#x43B;&#x438;&#x44F;</subfield>
    <subfield code="i">&#x412;.&#x417;</subfield>
    <subfield code="i">&#x41F;&#x441;&#x430;&#x43B;&#x442;&#x438;&#x440;&#x44C;</subfield>
    <subfield code="9">2631012</subfield>
    <subfield code="3">RU\NLR\AUTH\553037</subfield>
  </datafield>
  <datafield tag="517" ind1="1" ind2=" ">
    <subfield code="a">&#x421;&#x432;&#x44F;&#x442;&#x438;&#x442;&#x435;&#x43B;&#x44C; &#x410;&#x444;&#x430;&#x43D;&#x430;&#x441;&#x438;&#x439; &#x412;&#x435;&#x43B;&#x438;&#x43A;&#x438;&#x439;. &#x422;&#x43E;&#x43B;&#x43A;&#x43E;&#x432;&#x430;&#x43D;&#x438;&#x435; &#x43D;&#x430; &#x43F;&#x441;&#x430;&#x43B;&#x43C;&#x44B;</subfield>
  </datafield>
  <datafield tag="605" ind1=" " ind2=" ">
    <subfield code="a">&#x411;&#x438;&#x431;&#x43B;&#x438;&#x44F;</subfield>
    <subfield code="i">&#x412;&#x435;&#x442;&#x445;&#x438;&#x439; &#x417;&#x430;&#x432;&#x435;&#x442;</subfield>
    <subfield code="i">&#x41F;&#x441;&#x430;&#x43B;&#x442;&#x44B;&#x440;&#x44C;</subfield>
    <subfield code="x">&#x422;&#x43E;&#x43B;&#x43A;&#x43E;&#x432;&#x430;&#x43D;&#x438;&#x435;</subfield>
    <subfield code="9">2191472</subfield>
    <subfield code="3">RU\NLR\AUTH\661317340</subfield>
  </datafield>
  <datafield tag="606" ind1="1" ind2=" ">
    <subfield code="a">&#x41F;&#x430;&#x442;&#x440;&#x438;&#x441;&#x442;&#x438;&#x43A;&#x430;</subfield>
    <subfield code="9">2291912</subfield>
    <subfield code="3">RU\NLR\AUTH\661372588</subfield>
  </datafield>
  <datafield tag="675" ind1=" " ind2=" ">
    <subfield code="a">271.22-36</subfield>
  </datafield>
  <datafield tag="686" ind1="1" ind2=" ">
    <subfield code="a">&#x42D;37-210.913</subfield>
  </datafield>
  <datafield tag="686" ind1="2" ind2=" ">
    <subfield code="a">&#x42D;37-4</subfield>
  </datafield>
  <datafield tag="700" ind1=" " ind2="0">
    <subfield code="7">ca</subfield>
    <subfield code="8">rus</subfield>
    <subfield code="a">&#x410;&#x444;&#x430;&#x43D;&#x430;&#x441;&#x438;&#x439; &#x412;&#x435;&#x43B;&#x438;&#x43A;&#x438;&#x439;</subfield>
    <subfield code="c">&#x430;&#x440;&#x445;&#x438;&#x435;&#x43F;&#x438;&#x441;&#x43A;&#x43E;&#x43F; &#x410;&#x43B;&#x435;&#x43A;&#x441;&#x430;&#x43D;&#x434;&#x440;&#x438;&#x439;&#x441;&#x43A;&#x438;&#x439;</subfield>
    <subfield code="f">295-373</subfield>
    <subfield code="9">121283</subfield>
    <subfield code="3">RU\NLR\AUTH\7711541</subfield>
  </datafield>
  <datafield tag="942" ind1=" " ind2=" ">
    <subfield code="c">BOOK</subfield>
  </datafield>
  <datafield tag="980" ind1=" " ind2=" ">
    <subfield code="a">NB</subfield>
  </datafield>
</record>
